Statistiques concernant Mots animaux anglais

Cliquez ici pour prendre le quiz!

Statistiques générales

  • Ce quiz a été pris 779 fois
    (748 depuis la dernière actualisation)
  • Le résultat moyen est 18 sur 20

Statistiques - réponses

anglaisfrançais% Correct
catchat
100%
dogchien
100%
pigcochon
99%
horsecheval
98%
birdoiseau
98%
mousesouris
98%
dolphindauphin
96%
bearours
96%
turtletortue
96%
cowvache
96%
spideraraignée
94%
sharkrequin
94%
beeabeille
93%
froggrenouille
93%
sheepmouton
89%
mosquitomoustique
87%
goatchèvre
82%
buffalobuffle
79%
lambagneau
55%
peacockpaon
38%

Distribution des résultats

Percentile par nombre de réponses

% des personnes avec chaque résultat

Votre développement - résultats

Vous n’avez pas pris ce quiz depuis la dernière actualisation